000 00535nam a2200181Ia 4500
999 _c21810
_d21810
003 OSt
005 20200515130213.0
008 190216s9999||||xx |||||||||||||| ||und||
020 _a9781851684359
040 _coclc
082 _a955.03
_bPER/K
100 _aPerry, John R
_92372
245 0 _a Karim Khan Zand /
_cJohn R Perry
260 _bOneworld Oxford,
_c2009.
_aEngland:
300 _a148p
650 0 _aHistory & geography
_92271
_vIslamic History
942 _cBK
_2ddc
_h955.03
_iPER/K
_k955.03
_mPER/K